000 00317 a2200145 4500
001 165464
020 _a
040 _cMagnum
100 _aBlascovi-Assis, Silvana Maria
240 1 0 _aLazer e deficiencia mental
_lpor
245 1 0 _aLazer e deficiencia mental
362 0 _a1899
697 _aENSINO
942 _cBK
999 _c165464
_d165464